书目信息 |
| 题名: |
廉政公署全传
|
|
| 作者: | 黄晓阳 著 | |
| 分册: | ||
| 出版信息: | 北京 中国长安出版社 2006.06 |
|
| 页数: | 294页 | |
| 开本: | 23cm | |
| 丛书名: | ||
| 单 册: | ||
| 中图分类: | D676.583 | |
| 科图分类: | ||
| 主题词: | 廉政--检察机关--香港 | |
| 电子资源: | ||
| ISBN: | 7-80175-414-X | |
| 000 | 00779nam0 2200229 450 | |
| 001 | 192004004022 | |
| 005 | 20070911092422.86 | |
| 010 | @a7-80175-414-X@dCNY28.00 | |
| 100 | @a20070602d2006 ekmy0chiy0121 ea | |
| 101 | 0 | @achi |
| 102 | @aCN@b110000 | |
| 105 | @ay z 000yc | |
| 200 | 1 | @a廉政公署全传@Alian zheng gong shu quan zhuan@d= Hong kong icac biography@f黄晓阳著@zeng |
| 210 | @a北京@c中国长安出版社@d2006.06 | |
| 215 | @a294页@d23cm | |
| 330 | @a本书并非探讨香港廉署制度是否适应内地的问题,笔者写此书,只是希望通过30余年来香港廉署所侦办的大案,对其概貌作一个透视。 | |
| 510 | 1 | @aHong kong icac biography@zeng |
| 606 | 0 | @a廉政@x检察机关@y香港 |
| 690 | @aD676.583@v4 | |
| 701 | 0 | @a黄晓阳@Ahuang xiao yang@4著 |
| 801 | 2 | @aCN@c20070911 |
| 905 | @dD676.583@eH908 | |
| 廉政公署全传= Hong kong icac biography/黄晓阳著.-北京:中国长安出版社,2006.06 |
| 294页;23cm |
| ISBN 7-80175-414-X:CNY28.00 |
| 本书并非探讨香港廉署制度是否适应内地的问题,笔者写此书,只是希望通过30余年来香港廉署所侦办的大案,对其概貌作一个透视。 |
| ● |
| 相关链接 |
|
|
|
正题名:廉政公署全传
索取号:D676.583/H908
 
预约/预借
| 序号 | 登录号 | 条形码 | 馆藏地/架位号 | 状态 | 备注 |
| 1 | 618705 | 206187053 | 社科库509/509社科库 76排9列1层/ [索取号:D676.583/H908] | 在馆 | |
| 2 | 618706 | 206187062 | 社科库509/509社科库 76排9列1层/ [索取号:D676.583/H908] | 在馆 | |
| 3 | 618707 | 206187071 | 社科库509/509社科库 76排9列1层/ [索取号:D676.583/H908] | 在馆 |